000 00554nam a2200145Ia 4500
008 100204s9999 xx 000 0 und d
082 _b4841
100 _aबोरकर बालकृष्ण भगवंत
245 _aचांदण्यांचे कवडसे
260 _b"मॅजेस्टीक बुक स्टॅाल , मुंबई"
_c1982
300 _a151
630 _aचांदण्यांचे कवडसे
730 _aचांदण्यांचे कवडसे
942 _cBOOK
999 _c466533
_d466530